| 000 | 00408nam a22001577a 4500 | ||
|---|---|---|---|
| 003 | BD-DhUIB | ||
| 005 | 20251013164258.0 | ||
| 008 | 251013b |||||||| |||| 00| 0 eng d | ||
| 040 |
_aBD-DhUIB _cBD-DhUIB |
||
| 050 | _a174.4 | ||
| 082 | _222 | ||
| 100 |
_aFryer, Mick. _9999 |
||
| 245 |
_aEthics and organizational leadership: _bDeveloping a normal ..../ _cby Mick, Fryer. |
||
| 526 | _aBBA. | ||
| 942 |
_2ddc _cBK |
||
| 999 |
_c543 _d543 |
||